Fr. Conceicao Rodrigues College of Engineering

Strength Of Materials (Record no. 33260)

MARC details
000 -LEADER
fixed length control field 00245nam a2200121Ia 4500
100 ## - MAIN ENTRY--PERSONAL NAME
Personal name Ramamrutham
245 ## - TITLE STATEMENT
Title Strength Of Materials
260 ## - PUBLICATION, DISTRIBUTION, ETC.
Name of publisher, distributor, etc. Dhanpatrai &sons
300 ## - PHYSICAL DESCRIPTION
Extent 1203
546 ## - LANGUAGE NOTE
Language note ENGLISH
654 ## - SUBJECT ADDED ENTRY--FACETED TOPICAL TERMS
Focus term Materials
942 ## - ADDED ENTRY ELEMENTS (KOHA)
Koha item type BOOK
Holdings
Withdrawn status Lost status Damaged status Not for loan Collection Home library Current library Date acquired Total Checkouts Full call number Barcode Date last seen Date last checked out Price effective from Koha item type
        AFT Fr. Agnel's C.Rodrigues College of Engineering Fr. Agnel's C.Rodrigues College of Engineering 17/03/2023 1 AFT7743 16/02/2024 05/06/2023   BOOK